Culture Générale - Série 1864 - Statistiques

Statistiques générales
  • Ce quiz a été pris 96 fois
  • Le résultat moyen est 4 sur 10
Statistiques - réponses
Question Réponse % Correct
Quel aliment est le "pita" ? pain
82%
De quelle planète "pan" est-il un satellite naturel ? Saturne
65%
Le "mus" est un jeu de .... cartes
53%
Par quel prénom féminin, célèbre dans une chanson, appelle-t-on également l'épice "origan" ? marjolaine
48%
C'est un prénom masculin, une région de Bretagne et une province d'Espagne. Leon
44%
Quel mot de 4 lettres désigne l'enveloppe de la noix ? brou
29%
Comment appelle-t-on le nœud, ruban, élastique qui attache les cheveux sur la nuque ? catogan
26%
Dans quel département français se trouve la ville d'Uriage-les-Bains ? Isère
16%
Dans quel état des Etats Unis se trouve la ville de Lyme d'où la "maladie de Lyme" tire son nom ? Connecticut
5%
Ancienne maladie infectieuse épidémique caractérisée par une fièvre importante, une transpiration profuse et une mortalité élevée suette
2%
Aucun quiz correspondant
Distribution des résultats
% des personnes avec chaque résultat
Percentile par nombre de réponses
Votre historique - résultats
Vous n’avez pas pris ce quiz